[Event "VI Torneo Banco di Roma B"]
[Site "Roma ITA"]
[Date "1982.02.??"]
[Round "1"]
[White "Iannaccone, Ernesto"]
[Black "Messa, Roberto"]
[Result "1/2-1/2"]
[WhiteElo "2320"]
[BlackElo "2350"]
[PlyCount "96"]
[EventDate "1982.02.20"]

1. d4 Nf6 2. Nf3 g6 3. Bf4 Bg7 4. e3 O-O 5. Be2 d6 6. h3 c5 7. c3 b6 8. Nbd2
Bb7 9. O-O Nbd7 10. a4 a6 11. Qb1 Qc7 12. Bh2 Qc6 13. b4 cxd4 14. cxd4 Rfc8 15.
Rc1 Qxc1+ 16. Qxc1 Rxc1+ 17. Rxc1 Rc8 18. Rxc8+ Bxc8 19. e4 Bb7 20. Bd3 d5 21.
e5 Ne8 22. Nb3 Nc7 23. a5 e6 24. axb6 Nxb6 25. Nc5 Bc8 26. Bf4 Nd7 27. Kf1 Nb8
28. Ne1 Bd7 29. Nxd7 Nxd7 30. Nc2 Bf8 31. Bd2 Nb8 32. Ke2 Be7 33. f4 h5 34. g4
hxg4 35. hxg4 Nc6 36. Ke3 Nb5 37. Bf1 f5 38. Bh3 Kf7 39. g5 Bd8 40. Kd3 Bb6 41.
Be3 Ke8 42. Bf1 Kd7 43. Be2 Kc7 44. Bd1 Kb7 45. Bf3 Bd8 46. Bd2 Be7 47. Bd1 Kb6
48. Be2 Nc7 1/2-1/2

[Event "VI Torneo Banco di Roma B"]
[Site "Roma ITA"]
[Date "1982.02.??"]
[Round "1"]
[White "Martin Gonzalez, Angel"]
[Black "Passerotti, Pierluigi"]
[Result "1-0"]
[WhiteElo "2380"]
[BlackElo "2340"]
[PlyCount "63"]
[EventDate "1982.02.20"]

1. e4 c5 2. Nf3 d6 3. d4 cxd4 4. Nxd4 Nf6 5. Nc3 g6 6. Be3 Bg7 7. f3 Nc6 8. Qd2
O-O 9. Bc4 Bd7 10. O-O-O Rc8 11. Bb3 Ne5 12. g4 Nc4 13. Bxc4 Rxc4 14. h4 Qa5
15. h5 Rfc8 16. hxg6 fxg6 17. Nb3 Qa6 18. Bh6 Bh8 19. e5 Nxg4 20. fxg4 Bxe5 21.
Kb1 Bxg4 22. Rdf1 b6 23. Nd5 Qb7 24. Qg2 Kh8 25. Bf4 Bxf4 26. Nf6 exf6 27. Qxb7
h5 28. Qe7 Bf5 29. Rxh5+ gxh5 30. Qxf6+ Kg8 31. Qxf5 Be5 32. Rg1+ 1-0

[Event "VI Torneo Banco di Roma B"]
[Site "Roma ITA"]
[Date "1982.02.??"]
[Round "1"]
[White "Rigo, Janos"]
[Black "Bouaziz, Slim"]
[Result "1/2-1/2"]
[WhiteElo "2320"]
[BlackElo "2355"]
[PlyCount "177"]
[EventDate "1982.02.20"]

1. e4 c5 2. Nf3 d6 3. d4 cxd4 4. Nxd4 Nf6 5. Nc3 a6 6. Be3 e5 7. Nb3 Be6 8. Nd5
Nbd7 9. Qd3 Rc8 10. Be2 Bxd5 11. exd5 Be7 12. c4 O-O 13. O-O Ne8 14. f4 exf4
15. Bxf4 Bf6 16. Qd2 Ne5 17. Rac1 Ng6 18. Be3 Be5 19. Bg4 Rb8 20. g3 Nf6 21.
Bf3 Re8 22. Rfe1 Qd7 23. Kg2 Qa4 24. Nd4 Bxd4 25. Bxd4 Rxe1 26. b3 Rxc1 27.
bxa4 Rxc4 28. Qb2 Re8 29. a5 Re7 30. h4 Ne5 31. Bxe5 dxe5 32. d6 Rd7 33. Bxb7
Rxd6 34. Bxa6 Rcd4 35. Qb8+ Rd8 36. Qc7 h5 37. Be2 Rd2 38. Kf1 R8d7 39. Qxe5
R2d5 40. Qb8+ Rd8 41. Qc7 Rf5+ 42. Kg1 Re8 43. a6 Rfe5 44. Bf3 Re3 45. Qb7 Ra3
46. a7 Rxa2 47. Qb8 g6 48. Bc6 Rf8 49. Kf1 Kg7 50. Ke1 Ng4 51. Kd1 Ne3+ 52. Kc1
Rc2+ 53. Kb1 Rxb8+ 54. axb8=Q Rxc6 55. Qe5+ Rf6 56. Qxe3 Rf5 57. Kc2 Kh7 58.
Qd4 Kg8 59. Kd2 Kh7 60. Ke3 Kg8 61. Ke4 Kh7 62. Qc3 Kg8 63. Qc8+ Kg7 64. Qd7
Kf6 65. Qd4+ Ke6 66. Qd8 Re5+ 67. Kd4 Rf5 68. Kc4 Re5 69. Qe8+ Kf6 70. Qb8 Ke6
71. Kd4 Rd5+ 72. Ke4 Rf5 73. Qc8+ Kf6 74. Qc3+ Ke7 75. Qg7 Rb5 76. Qh8 Rf5 77.
Kd4 Ra5 78. Qc8 Rf5 79. Qb8 Kf6 80. Qf8 Rb5 81. Kc3 Rd5 82. Kb4 Rf5 83. Kc4 Ke6
84. Qd8 Re5 85. Qc8+ Kf6 86. Kd4 Rf5 87. Qh8+ Ke7 88. Ke4 Rc5 89. Qb8 1/2-1/2

[Event "VI Torneo Banco di Roma B"]
[Site "Roma ITA"]
[Date "1982.02.??"]
[Round "1"]
[White "Sibilio, Mario"]
[Black "Pangrazzi, Marco"]
[Result "1-0"]
[WhiteElo "2305"]
[BlackElo "2260"]
[PlyCount "73"]
[EventDate "1982.02.20"]

1. Nf3 c5 2. b3 Nc6 3. Bb2 d6 4. c4 e5 5. Nc3 f5 6. d3 Be7 7. g3 Bf6 8. Nd2
Nge7 9. Bg2 O-O 10. O-O Kh8 11. a3 Rb8 12. Rc1 b6 13. e3 Bb7 14. Ba1 Qd7 15.
Qe2 Rbe8 16. Nd5 Nxd5 17. cxd5 Ne7 18. e4 f4 19. Kh1 Ng6 20. a4 Bg5 21. Rcd1
Rf7 22. Qh5 Bh6 23. Bh3 Qe7 24. Nf3 fxg3 25. fxg3 Bc8 26. Bxc8 Rxc8 27. Qg4
Rcf8 28. h4 Qe8 29. Kg2 b5 30. Qe6 Rf6 31. Qxe8 Rxe8 32. h5 Ne7 33. axb5 Rb8
34. Nxe5 dxe5 35. Bxe5 Rxf1 36. Rxf1 Kg8 37. Bxb8 1-0

[Event "VI Torneo Banco di Roma B"]
[Site "Roma ITA"]
[Date "1982.02.??"]
[Round "1"]
[White "Tassi, Oliviero"]
[Black "Hess, Ralf Ernest"]
[Result "0-1"]
[WhiteElo "2205"]
[BlackElo "2390"]
[PlyCount "80"]
[EventDate "1982.02.20"]

1. e4 e5 2. Nc3 Nf6 3. f4 d5 4. fxe5 Nxe4 5. Nf3 Bb4 6. Be2 Nc6 7. O-O O-O 8.
Na4 f6 9. c3 Be7 10. d3 Nc5 11. Nxc5 Bxc5+ 12. d4 Be7 13. exf6 Rxf6 14. h3 Qd6
15. Bd3 Qg3 16. Qe2 Bxh3 17. Bg5 Rf7 18. Bxe7 Rxe7 19. Qf2 Qxf2+ 20. Rxf2 Bd7
21. Raf1 Rae8 22. Bc2 Na5 23. Ng5 g6 24. Bd3 b6 25. b3 Nc6 26. Rf6 Nd8 27. c4
Ne6 28. Nxe6 Bxe6 29. Rc1 Rf8 30. Rxf8+ Kxf8 31. Be2 dxc4 32. bxc4 Bf5 33. Bf3
Re3 34. c5 Ke8 35. a4 Kd7 36. cxb6 axb6 37. a5 bxa5 38. Ra1 Rd3 39. d5 g5 40.
Rxa5 g4 0-1

[Event "VI Torneo Banco di Roma B"]
[Site "Roma ITA"]
[Date "1982.02.??"]
[Round "2"]
[White "Bouaziz, Slim"]
[Black "Tassi, Oliviero"]
[Result "1/2-1/2"]
[WhiteElo "2355"]
[BlackElo "2205"]
[PlyCount "37"]
[EventDate "1982.02.20"]

1. e4 c5 2. Nf3 d6 3. d4 cxd4 4. Nxd4 Nf6 5. Nc3 a6 6. Bg5 e6 7. f4 Qb6 8. Nb3
Nbd7 9. Qe2 Qc7 10. O-O-O b5 11. a3 Bb7 12. g3 Rc8 13. Bg2 h6 14. Bxf6 Nxf6 15.
Rhe1 Be7 16. Nd4 O-O 17. Kb1 Rb8 18. g4 Qc4 19. Bf3 1/2-1/2

[Event "VI Torneo Banco di Roma B"]
[Site "Roma ITA"]
[Date "1982.02.??"]
[Round "2"]
[White "Martin Gonzalez, Angel"]
[Black "Sibilio, Mario"]
[Result "1-0"]
[WhiteElo "2380"]
[BlackElo "2305"]
[PlyCount "135"]
[EventDate "1982.02.20"]

1. e4 g6 2. Nc3 Bg7 3. f4 c6 4. d4 d5 5. e5 h5 6. Be3 Nh6 7. Nf3 Bg4 8. Be2 Nf5
9. Bf2 Bxf3 10. Bxf3 Nd7 11. g3 f6 12. Qd3 fxe5 13. dxe5 Qa5 14. O-O-O Nc5 15.
Qe2 O-O-O 16. Kb1 Kb8 17. h3 h4 18. g4 Ng3 19. Bxg3 hxg3 20. Qg2 g5 21. Qxg3
gxf4 22. Qxf4 Qc7 23. Rde1 d4 24. Ne4 Bxe5 25. Qd2 Bf4 26. Qb4 Na6 27. Qc4 Qb6
28. Rd1 Rd5 29. Rd3 Rhd8 30. Rb3 Rb5 31. Rxb5 cxb5 32. Qf7 Qc7 33. Be2 Nb4 34.
Qb3 Rc8 35. Bd3 Nxd3 36. Qxd3 a6 37. h4 Qd7 38. Qf3 Be5 39. g5 Qc6 40. Qe2 Rf8
41. h5 Bh8 42. g6 Bg7 43. a3 Rf4 44. Re1 e5 45. Ng3 Qf6 46. Rf1 Kc7 47. Rxf4
exf4 48. Ne4 Qe5 49. Kc1 d3 50. cxd3 f3 51. Qxf3 Qxb2+ 52. Kd1 Bh6 53. Ke1 Qd4
54. Kf1 a5 55. Qf7+ Kb6 56. Qe6+ Ka7 57. Qd6 Qb2 58. Qc5+ Ka6 59. Qc3 Qb1+ 60.
Kg2 Qa2+ 61. Kg3 Qd5 62. Kh4 a4 63. Qh8 Be3 64. g7 Qxd3 65. Qe8 Bf2+ 66. Nxf2
Qd4+ 67. Ng4 Qxg7 68. Qg6+ 1-0

[Event "VI Torneo Banco di Roma B"]
[Site "Roma ITA"]
[Date "1982.02.??"]
[Round "2"]
[White "Messa, Roberto"]
[Black "Rigo, Janos"]
[Result "0-1"]
[WhiteElo "2350"]
[BlackElo "2320"]
[PlyCount "74"]
[EventDate "1982.02.20"]

1. e4 c5 2. Nf3 d6 3. d4 cxd4 4. Qxd4 a6 5. c4 Nc6 6. Qd1 g6 7. h3 Bg7 8. Be2
Nf6 9. Nc3 O-O 10. O-O b6 11. Be3 Nd7 12. Qd2 Re8 13. Ng5 Bb7 14. f4 Nc5 15. f5
Bf6 16. fxg6 hxg6 17. Qe1 Kg7 18. Qh4 Rh8 19. Qf2 Ne5 20. Rad1 Rc8 21. Bd4 Ncd7
22. Nf3 Nxf3+ 23. Bxf3 Bxd4 24. Qxd4+ Ne5 25. b3 Qc7 26. Na4 b5 27. Nb6 Rb8 28.
cxb5 axb5 29. Rc1 Qd8 30. Rfd1 Bxe4 31. Nd7 Bxf3 32. Nxe5 Bxd1 33. Nc6+ e5 34.
Qxd1 Qb6+ 35. Kh2 Rbc8 36. Qxd6 Rhe8 37. Qd5 Re6 0-1

[Event "VI Torneo Banco di Roma B"]
[Site "Roma ITA"]
[Date "1982.02.??"]
[Round "2"]
[White "Pangrazzi, Marco"]
[Black "Iannaccone, Ernesto"]
[Result "1/2-1/2"]
[WhiteElo "2260"]
[BlackElo "2320"]
[PlyCount "35"]
[EventDate "1982.02.20"]

1. e4 e5 2. f4 exf4 3. Bc4 d5 4. exd5 Nf6 5. Nc3 c6 6. Qf3 Bd6 7. Ne4 O-O 8.
Nxf6+ Qxf6 9. Ne2 Nd7 10. d4 Nb6 11. Bb3 Re8 12. O-O g5 13. c4 Bc7 14. d6 Bd8
15. c5 Nd5 16. Bxd5 cxd5 17. Rf2 Qf5 18. b4 1/2-1/2

[Event "VI Torneo Banco di Roma B"]
[Site "Roma ITA"]
[Date "1982.02.??"]
[Round "2"]
[White "Passerotti, Pierluigi"]
[Black "Hess, Ralf Ernest"]
[Result "0-1"]
[WhiteElo "2340"]
[BlackElo "2390"]
[PlyCount "62"]
[EventDate "1982.02.20"]

1. e4 e5 2. Nf3 Nc6 3. Bb5 a6 4. Ba4 d6 5. d4 b5 6. Bb3 Nxd4 7. Nxd4 exd4 8.
Bd5 Rb8 9. Qxd4 Nf6 10. O-O Be7 11. c4 O-O 12. cxb5 axb5 13. Nc3 b4 14. Nd1 c5
15. Qd3 Nxd5 16. exd5 Bf6 17. Bf4 Re8 18. Qd2 Rb7 19. Ne3 Re4 20. Bg3 Rbe7 21.
Rfe1 g6 22. a3 b3 23. Rad1 Ba6 24. f3 Rd4 25. Qc1 h5 26. Nf1 Rc4 27. Qb1 Rc2
28. Rxe7 Qxe7 29. Re1 Bd4+ 30. Kh1 Bxf1 31. Rxf1 Qe2 0-1

[Event "VI Torneo Banco di Roma B"]
[Site "Roma ITA"]
[Date "1982.02.??"]
[Round "3"]
[White "Hess, Ralf Ernest"]
[Black "Bouaziz, Slim"]
[Result "0-1"]
[WhiteElo "2390"]
[BlackElo "2355"]
[PlyCount "52"]
[EventDate "1982.02.20"]

1. c4 Nf6 2. Nc3 c5 3. g3 g6 4. Bg2 Bg7 5. e3 O-O 6. Nge2 Nc6 7. a3 d6 8. Rb1
Ne5 9. d3 Bf5 10. e4 Bg4 11. h3 Bxe2 12. Nxe2 Rb8 13. b4 cxb4 14. axb4 Nfd7 15.
Qc2 a5 16. f4 Nc6 17. bxa5 Qxa5+ 18. Qd2 Qa6 19. Nc3 Nd4 20. Nb5 Nc5 21. Bb2
Nxb5 22. Bxg7 Na3 23. Bxf8 Nxb1 24. Qd1 Nc3 25. Qc2 N3xe4 26. Bh6 Qa1+ 0-1

[Event "VI Torneo Banco di Roma B"]
[Site "Roma ITA"]
[Date "1982.02.??"]
[Round "3"]
[White "Rigo, Janos"]
[Black "Pangrazzi, Marco"]
[Result "1-0"]
[WhiteElo "2320"]
[BlackElo "2260"]
[PlyCount "61"]
[EventDate "1982.02.20"]

1. e4 e5 2. Nf3 Nc6 3. Bb5 f5 4. d3 fxe4 5. dxe4 Nf6 6. O-O Bc5 7. Bg5 d6 8.
Nc3 O-O 9. Nd5 Kh8 10. Nh4 Be6 11. Bxf6 gxf6 12. Qh5 Rg8 13. Qh6 Bxd5 14. exd5
Ne7 15. Qxf6+ Rg7 16. Rad1 Qf8 17. Qxf8+ Rxf8 18. g3 Rf4 19. Kh1 Rb4 20. Bd3
Nxd5 21. c4 Ne7 22. b3 Rf7 23. f4 Kg7 24. Nf3 exf4 25. Ng5 Rf6 26. Nxh7 Rh6 27.
Rxf4 Nc6 28. Rg4+ Kh8 29. Rf1 d5 30. Nf6 Rxf6 31. Rxf6 1-0

[Event "VI Torneo Banco di Roma B"]
[Site "Roma ITA"]
[Date "1982.02.??"]
[Round "3"]
[White "Sibilio, Mario"]
[Black "Passerotti, Pierluigi"]
[Result "0-1"]
[WhiteElo "2305"]
[BlackElo "2340"]
[PlyCount "82"]
[EventDate "1982.02.20"]

1. b3 d5 2. Bb2 c5 3. e3 Nf6 4. Nf3 e6 5. Ne5 Be7 6. Bb5+ Nbd7 7. O-O O-O 8. f4
Nxe5 9. fxe5 Nd7 10. Bd3 g6 11. Qg4 Bg5 12. c4 dxc4 13. Bxc4 Bh6 14. Na3 Bg7
15. Qg3 a6 16. Rac1 b5 17. Be2 Bb7 18. Bf3 Bxf3 19. gxf3 Qa5 20. f4 Qxd2 21.
Rc2 Qa5 22. e4 Rad8 23. Rg2 c4 24. Nb1 cxb3 25. axb3 Nc5 26. Qe3 Nd3 27. Bd4
Qb4 28. Bb6 Rd7 29. Rd2 Rb8 30. Rfd1 Bf8 31. Kf1 Rxb6 32. Rxd3 Bc5 33. Qg3 Rxd3
34. Qxd3 Rb8 35. Kg2 Bb6 36. Kf3 Rd8 37. Qc2 Rxd1 38. Qxd1 Qc5 39. Qe2 Qg1 40.
Nd2 h5 41. h3 a5 0-1

[Event "VI Torneo Banco di Roma B"]
[Site "Roma ITA"]
[Date "1982.02.??"]
[Round "3"]
[White "Tassi, Oliviero"]
[Black "Messa, Roberto"]
[Result "1-0"]
[WhiteElo "2205"]
[BlackElo "2350"]
[PlyCount "81"]
[EventDate "1982.02.20"]

1. e4 e6 2. d3 d5 3. Nd2 Nf6 4. Ngf3 b6 5. g3 dxe4 6. dxe4 Bb7 7. e5 Ng4 8.
Bb5+ c6 9. Bd3 Nd7 10. Qe2 Qc7 11. Nc4 b5 12. Nd6+ Bxd6 13. exd6 Qxd6 14. Bf4
Qe7 15. O-O-O Ngf6 16. Rhe1 Nd5 17. Bg5 N7f6 18. Nd4 O-O 19. Qe5 Rfe8 20. Be4
Ng4 21. Bxe7 Nxe5 22. Bxd5 cxd5 23. Bg5 Ng4 24. f3 Nf2 25. Rd2 Nh3 26. Be3 a6
27. Nb3 Rac8 28. Nc5 Ba8 29. Nxa6 e5 30. Rde2 f6 31. f4 e4 32. Rd2 g5 33. Nb4
Red8 34. Red1 gxf4 35. gxf4 d4 36. Rxd4 Rxd4 37. Rxd4 Kf7 38. c3 Ke6 39. Rd2
Kf5 40. Nc2 Kg4 41. Rg2+ 1-0

[Event "VI Torneo Banco di Roma B"]
[Site "Roma ITA"]
[Date "1982.02.??"]
[Round "4"]
[White "Martin Gonzalez, Angel"]
[Black "Rigo, Janos"]
[Result "1-0"]
[WhiteElo "2380"]
[BlackElo "2320"]
[PlyCount "113"]
[EventDate "1982.02.20"]

1. e4 c5 2. Nf3 d6 3. d4 cxd4 4. Nxd4 Nf6 5. Nc3 g6 6. Be3 Bg7 7. f3 Nc6 8. Qd2
O-O 9. Bc4 Nd7 10. h4 Na5 11. Bb3 Nb6 12. Qd3 Nxb3 13. axb3 d5 14. Ndb5 Be6 15.
O-O-O a6 16. Nd4 Rc8 17. Nxe6 fxe6 18. h5 Nd7 19. hxg6 Ne5 20. gxh7+ Kh8 21.
Qd2 Qa5 22. Kb1 Nc6 23. Na2 Qxd2 24. Rxd2 d4 25. Bg5 e5 26. Nc1 Rf7 27. Ne2 Rc7
28. Ng3 Bf6 29. Bxf6+ exf6 30. Rh6 Rxh7 31. Rxf6 Kg7 32. Rd6 Kf8 33. Rf6+ Kg7
34. Rf5 Rh2 35. Rh5 Rxh5 36. Nxh5+ Kh6 37. Ng3 Kg5 38. Nf5 Nb4 39. Kc1 Rh7 40.
c3 Rh1+ 41. Rd1 Na2+ 42. Kc2 Rxd1 43. Kxd1 dxc3 44. Kc2 cxb2 45. Kxb2 Nb4 46.
Kc3 Nc6 47. g3 b5 48. b4 Kf6 49. f4 Ke6 50. Ne3 Nd4 51. f5+ Kd6 52. g4 Ne2+ 53.
Kd2 Nd4 54. Kd3 Nc6 55. Kc3 a5 56. bxa5 Nxa5 57. Kb4 1-0

[Event "VI Torneo Banco di Roma B"]
[Site "Roma ITA"]
[Date "1982.02.??"]
[Round "4"]
[White "Messa, Roberto"]
[Black "Hess, Ralf Ernest"]
[Result "1-0"]
[WhiteElo "2350"]
[BlackElo "2390"]
[PlyCount "83"]
[EventDate "1982.02.20"]

1. e4 e5 2. Nf3 Nc6 3. d4 exd4 4. Nxd4 Nf6 5. Nxc6 bxc6 6. e5 Qe7 7. Qe2 Nd5 8.
c4 Ba6 9. Nd2 Nb4 10. Nf3 d5 11. a3 Bxc4 12. Qd1 Bxf1 13. Kxf1 Na6 14. Qa4 Nb8
15. Bg5 Qe6 16. Rc1 Qg6 17. e6 Bd6 18. Rxc6 Qd3+ 19. Kg1 O-O 20. exf7+ Rxf7 21.
Rc1 Nd7 22. Be3 Re8 23. Rd1 Qf5 24. h4 h6 25. Qc6 Nf6 26. Rh3 a5 27. Nd4 Qd7
28. Qxd7 Rxd7 29. Nc6 a4 30. Rf3 Kh7 31. g3 Re4 32. Bd4 Ng4 33. Rf5 Re2 34.
Rxd5 Rf7 35. f4 Rc2 36. Bc3 Nh2 37. Nd4 Rxc3 38. bxc3 Ng4 39. Nb5 Bf8 40. Rd7
Bc5+ 41. Kh1 Rf5 42. R1d5 1-0

[Event "VI Torneo Banco di Roma B"]
[Site "Roma ITA"]
[Date "1982.02.??"]
[Round "4"]
[White "Pangrazzi, Marco"]
[Black "Tassi, Oliviero"]
[Result "1-0"]
[WhiteElo "2260"]
[BlackElo "2205"]
[PlyCount "125"]
[EventDate "1982.02.20"]

1. Nf3 Nf6 2. c4 e6 3. g3 b6 4. Bg2 Be7 5. O-O O-O 6. Nc3 d5 7. d4 c6 8. Ne5
Ba6 9. Re1 dxc4 10. Nxc6 Nxc6 11. Bxc6 Rc8 12. Qa4 Qxd4 13. Bf3 Bb7 14. Be3 Qe5
15. Bxb7 Ng4 16. Bf3 Nxe3 17. fxe3 Qxe3+ 18. Kg2 a5 19. Qc2 f5 20. Rad1 g5 21.
Qd2 Qe5 22. Qd4 Qxd4 23. Rxd4 Rc7 24. e4 f4 25. g4 Rb8 26. a4 Kf8 27. Nb5 Rc5
28. e5 Rd8 29. Nd6 c3 30. bxc3 Rxc3 31. Red1 Rc2+ 32. R1d2 Rc5 33. Nc4 Rxc4 34.
Rxd8+ Bxd8 35. Rxd8+ Ke7 36. Rb8 Rxa4 37. Rb7+ Kf8 38. Rxb6 Ra2+ 39. Kg1 Kf7
40. Rb7+ Kf8 41. Rxh7 Ra3 42. Kf2 Re3 43. h4 gxh4 44. Rxh4 Rxe5 45. Rh7 Rc5 46.
Ra7 Rc2+ 47. Be2 Rc3 48. Bf3 Rc2+ 49. Kf1 Rc5 50. Ke2 Re5+ 51. Kf2 Rc5 52. Be4
Rc3 53. Bg6 e5 54. Be4 a4 55. Rxa4 Kg7 56. Ra6 Rg3 57. Re6 Re3 58. g5 Rg3 59.
g6 Re3 60. Re7+ Kf8 61. g7+ Kxe7 62. g8=Q Kd6 63. Qc4 1-0

[Event "VI Torneo Banco di Roma B"]
[Site "Roma ITA"]
[Date "1982.02.??"]
[Round "4"]
[White "Passerotti, Pierluigi"]
[Black "Bouaziz, Slim"]
[Result "0-1"]
[WhiteElo "2340"]
[BlackElo "2355"]
[PlyCount "74"]
[EventDate "1982.02.20"]

1. e4 c5 2. Nf3 d6 3. d4 cxd4 4. Nxd4 Nf6 5. Nc3 a6 6. Bg5 e6 7. f4 h6 8. Bh4
Be7 9. Qf3 Qc7 10. O-O-O Nbd7 11. Bd3 g5 12. fxg5 Ne5 13. Qe2 Nfg4 14. h3 hxg5
15. Bg3 Nf6 16. Nf3 Nh5 17. Bh2 Bd7 18. Qe3 Nxf3 19. Qxf3 Bc6 20. Be2 Nf6 21.
Qd3 O-O-O 22. Bf3 Qa5 23. Kb1 Nd7 24. Qd2 Ne5 25. Nd5 Qxd2 26. Nxe7+ Kd7 27.
Rxd2 Kxe7 28. Bg3 f6 29. Bxe5 dxe5 30. Kc1 f5 31. exf5 exf5 32. Bxc6 bxc6 33.
Re1 Rxd2 34. Kxd2 Ke6 35. Ke3 Rd8 36. b3 c5 37. Re2 37... c4 $138 0-1

[Event "VI Torneo Banco di Roma B"]
[Site "Roma ITA"]
[Date "1982.02.??"]
[Round "4"]
[White "Sibilio, Mario"]
[Black "Iannaccone, Ernesto"]
[Result "0-1"]
[WhiteElo "2305"]
[BlackElo "2320"]
[PlyCount "60"]
[EventDate "1982.02.20"]

1. Nf3 Nf6 2. g3 g6 3. b3 Bg7 4. Bb2 c5 5. c4 Nc6 6. Bg2 d6 7. O-O e5 8. d3 O-O
9. Nc3 Ne8 10. Rc1 Nc7 11. Ne1 Be6 12. a3 Qd7 13. Nd5 f5 14. e3 Rab8 15. f4 b5
16. Nxc7 Qxc7 17. cxb5 Rxb5 18. b4 Qb6 19. Kh1 Rc8 20. bxc5 Rxc5 21. Rxc5 Qxc5
22. Nf3 Bd5 23. Qd2 Rb8 24. Rc1 Qb5 25. Bc3 Re8 26. h4 Nd8 27. Ne1 Bxg2+ 28.
Kxg2 Qd5+ 29. Kh2 Nf7 30. Bb2 30... Nh6 $138 0-1

[Event "VI Torneo Banco di Roma B"]
[Site "Roma ITA"]
[Date "1982.02.??"]
[Round "5"]
[White "Bouaziz, Slim"]
[Black "Messa, Roberto"]
[Result "1/2-1/2"]
[WhiteElo "2355"]
[BlackElo "2350"]
[PlyCount "37"]
[EventDate "1982.02.20"]

1. e4 e6 2. d4 d5 3. Nd2 c5 4. exd5 exd5 5. Bb5+ Nc6 6. Ngf3 Bd6 7. dxc5 Bxc5
8. O-O Nge7 9. Nb3 Bd6 10. Re1 O-O 11. Bg5 Bg4 12. Bh4 Re8 13. Be2 Qb6 14. Nfd4
Bxe2 15. Rxe2 Nxd4 16. Qxd4 Qb5 17. Rd2 Nf5 18. Qxd5 Qxd5 19. Rxd5 1/2-1/2

[Event "VI Torneo Banco di Roma B"]
[Site "Roma ITA"]
[Date "1982.02.??"]
[Round "5"]
[White "Hess, Ralf Ernest"]
[Black "Pangrazzi, Marco"]
[Result "1-0"]
[WhiteElo "2390"]
[BlackElo "2260"]
[PlyCount "27"]
[EventDate "1982.02.20"]

1. d4 Nf6 2. c4 e5 3. dxe5 Ng4 4. e4 Nxe5 5. f4 Ng6 6. Nf3 Nc6 7. Be3 Bb4+ 8.
Kf2 b6 9. g3 Bb7 10. a3 Bc5 11. Qd3 Qf6 12. Bxc5 Qxb2+ 13. Nbd2 Qxa1 14. Bh3
1-0

[Event "VI Torneo Banco di Roma B"]
[Site "Roma ITA"]
[Date "1982.02.??"]
[Round "5"]
[White "Rigo, Janos"]
[Black "Sibilio, Mario"]
[Result "1-0"]
[WhiteElo "2320"]
[BlackElo "2305"]
[PlyCount "89"]
[EventDate "1982.02.20"]

1. e4 Nc6 2. Nf3 e6 3. Nc3 d5 4. Bb5 a6 5. Bxc6+ bxc6 6. O-O Nf6 7. e5 Nd7 8.
d3 Be7 9. Ne2 c5 10. c3 Nb6 11. Be3 Bd7 12. Qc2 Rb8 13. b3 a5 14. Nd2 Qc8 15.
f4 g6 16. Bf2 Qb7 17. Ng3 h5 18. h3 Rg8 19. Rab1 Bc6 20. d4 Nd7 21. Nf3 Qa8 22.
Ng5 Rd8 23. Ne2 c4 24. b4 axb4 25. cxb4 Rb8 26. Be1 Ba4 27. Qc1 Bc6 28. Rf3 Rb7
29. a4 Bxa4 30. Ra3 Ra7 31. Rba1 Nb6 32. Qb2 c3 33. Qxc3 Bxg5 34. fxg5 Kd7 35.
Qc5 Qc6 36. b5 Qxb5 37. Qxb5+ Bxb5 38. Rxa7 Bxe2 39. Ba5 Na8 40. Ra2 Bc4 41.
Rf2 Rf8 42. Bb4 Rb8 43. Rxf7+ Kc6 44. Ba5 Rb1+ 45. Kh2 1-0

[Event "VI Torneo Banco di Roma B"]
[Site "Roma ITA"]
[Date "1982.02.??"]
[Round "5"]
[White "Tassi, Oliviero"]
[Black "Martin Gonzalez, Angel"]
[Result "1/2-1/2"]
[WhiteElo "2205"]
[BlackElo "2380"]
[PlyCount "50"]
[EventDate "1982.02.20"]

1. e4 c5 2. Nf3 d6 3. d4 cxd4 4. Nxd4 Nf6 5. Nc3 g6 6. Be2 Bg7 7. O-O Nc6 8.
Be3 O-O 9. Nb3 Be6 10. f4 Qc8 11. Kh1 Rd8 12. Bf3 Bc4 13. Rf2 e5 14. Rd2 Qe6
15. fxe5 Nxe5 16. Nd4 Qe7 17. Bg5 Nc6 18. Be2 Bxe2 19. Ndxe2 Rd7 20. Nd5 Qe5
21. Nxf6+ Bxf6 22. Bxf6 Qxf6 23. Nc3 Re8 24. Qf1 Qxf1+ 25. Rxf1 Kg7 1/2-1/2

[Event "VI Torneo Banco di Roma B"]
[Site "Roma ITA"]
[Date "1982.02.??"]
[Round "6"]
[White "Iannaccone, Ernesto"]
[Black "Rigo, Janos"]
[Result "1-0"]
[WhiteElo "2320"]
[BlackElo "2320"]
[PlyCount "81"]
[EventDate "1982.02.20"]

1. Nf3 c5 2. g3 Nc6 3. Bg2 g6 4. d4 cxd4 5. Nxd4 Bg7 6. Nb3 Nf6 7. c4 d6 8. Nc3
O-O 9. O-O Be6 10. c5 Qc8 11. cxd6 Rd8 12. Bf4 Nh5 13. Be3 Rxd6 14. Qc1 Bxb3
15. axb3 Nd4 16. Bxd4 Rxd4 17. Nb5 Qxc1 18. Rfxc1 Rb4 19. Rxa7 Rb8 20. Nc3 Rxb3
21. Rc2 e6 22. e3 b5 23. Bf1 Rc8 24. Rd2 Bxc3 25. bxc3 Nf6 26. Rb7 Ne4 27. Ra2
Nxc3 28. Raa7 Rf8 29. Bh3 Rb1+ 30. Kg2 e5 31. Be6 Ne4 32. Bd5 Nd6 33. Rd7 Nc8
34. Rab7 Kg7 35. g4 Rb2 36. g5 Rd2 37. e4 Rxd5 38. exd5 e4 39. d6 b4 40. Rxb4
Na7 41. Rxa7 1-0

[Event "VI Torneo Banco di Roma B"]
[Site "Roma ITA"]
[Date "1982.02.??"]
[Round "6"]
[White "Martin Gonzalez, Angel"]
[Black "Hess, Ralf Ernest"]
[Result "1-0"]
[WhiteElo "2380"]
[BlackElo "2390"]
[PlyCount "81"]
[EventDate "1982.02.20"]

1. e4 e5 2. Nf3 Nc6 3. Nc3 Nf6 4. d4 exd4 5. Nd5 Be7 6. Bf4 d6 7. Nxd4 O-O 8.
Nb5 Nxd5 9. exd5 Ne5 10. Qd2 c6 11. dxc6 bxc6 12. Nd4 Qb6 13. Be2 Qxb2 14. O-O
Qb6 15. Rab1 Qc7 16. Qc3 Bf6 17. Rfd1 d5 18. Qg3 Bd7 19. Kh1 Rab8 20. Nf3 Rfe8
21. Bd3 g6 22. h3 Bg7 23. Rxb8 Qxb8 24. c4 Qb2 25. Rb1 Nxf3 26. Qxf3 Qxa2 27.
cxd5 cxd5 28. Rb7 Be6 29. Bb5 Rc8 30. Bd7 Qa1+ 31. Kh2 Rf8 32. Qg3 a5 33. Bd6
Ra8 34. Qf3 Qc3 35. Qe2 Bxd7 36. Rxd7 h5 37. f4 h4 38. f5 g5 39. Rxf7 Ra6 40.
Qe8+ Kh7 41. Be5 1-0

[Event "VI Torneo Banco di Roma B"]
[Site "Roma ITA"]
[Date "1982.02.??"]
[Round "6"]
[White "Sibilio, Mario"]
[Black "Tassi, Oliviero"]
[Result "0-1"]
[WhiteElo "2305"]
[BlackElo "2205"]
[PlyCount "78"]
[EventDate "1982.02.20"]

1. d4 Nf6 2. Nf3 e6 3. Bg5 d5 4. c4 Nbd7 5. Nc3 h6 6. Bh4 c6 7. e3 Be7 8. Qc2
O-O 9. Be2 dxc4 10. a4 c5 11. O-O cxd4 12. Nxd4 Ne5 13. Rfd1 Nd5 14. Bxe7 Qxe7
15. Nf5 Qf6 16. Nd6 Nb4 17. Qd2 Nbd3 18. f4 Nc6 19. Nxc4 Ndb4 20. Ne4 Qe7 21.
Qd6 Qxd6 22. Nexd6 Nc2 23. Rac1 N2b4 24. Bf3 f6 25. Bg4 f5 26. Bf3 Rb8 27. b3
Rd8 28. Ne5 Nxe5 29. fxe5 b6 30. Rc7 a5 31. Rdc1 Bd7 32. Rd1 Na6 33. Rc3 Nc5
34. Nc4 g5 35. Nxb6 Rxb6 36. Rxc5 Kf8 37. Rc7 Ke8 38. Be2 Rxb3 39. Kf2 39...
Rb2 $138 0-1

[Event "VI Torneo Banco di Roma B"]
[Site "Roma ITA"]
[Date "1982.02.??"]
[Round "7"]
[White "Bouaziz, Slim"]
[Black "Martin Gonzalez, Angel"]
[Result "1/2-1/2"]
[WhiteElo "2355"]
[BlackElo "2380"]
[PlyCount "27"]
[EventDate "1982.02.20"]

1. e4 c5 2. Nf3 d6 3. d4 cxd4 4. Nxd4 Nf6 5. Nc3 g6 6. Be2 Bg7 7. O-O Nc6 8.
Nb3 O-O 9. Bg5 a6 10. a4 Be6 11. Kh1 Rc8 12. f4 Na5 13. f5 Bc4 14. fxg6 1/2-1/2

[Event "VI Torneo Banco di Roma B"]
[Site "Roma ITA"]
[Date "1982.02.??"]
[Round "7"]
[White "Hess, Ralf Ernest"]
[Black "Sibilio, Mario"]
[Result "0-1"]
[WhiteElo "2390"]
[BlackElo "2305"]
[PlyCount "46"]
[EventDate "1982.02.20"]

1. d4 g6 2. e4 Bg7 3. Nf3 c6 4. Nc3 d5 5. h3 Nf6 6. e5 Ne4 7. Nxe4 dxe4 8. Ng5
c5 9. dxc5 Qa5+ 10. c3 Qxc5 11. Qb3 O-O 12. Bc4 e6 13. Bf4 Bxe5 14. Be3 Qc6 15.
O-O-O Bd7 16. h4 a5 17. a3 Rc8 18. Be2 Qa4 19. Qxb7 Bxc3 20. Rxd7 Nxd7 21. Bd1
Qc4 22. Bb3 Qd3 23. Qxe4 Bd2+ 0-1